Partial differential equations: An introductory treatment with applications (Record no. 169275)

MARC details
000 -LEADER
fixed length control field 00408nam a2200145Ia 4500
008 - FIXED-LENGTH DATA ELEMENTS--GENERAL INFORMATION
fixed length control field 230917s9999||||xx |||||||||||||| ||und||
040 ## - CATALOGING SOURCE
-- 196834
Original cataloging agency VIVEKANANDA LIBRARY
041 ## - Language
-- English
082 ## - DDC NUMBER
Classification number 515.353 B469P
100 ## - MAIN ENTRY--PERSONAL NAME
Personal name Bhamra, K S
245 #0 - TITLE STATEMENT
Title Partial differential equations: An introductory treatment with applications
260 ## - PUBLICATION, DISTRIBUTION, ETC. (IMPRINT)
Place of publication, distribution, etc New Delhi
Name of publisher, distributor, etc PHI Learning
Date of publication, distribution, etc 2010
300 ## - PHYSICAL DESCRIPTION
Pages xviii, 561 p.
942 ## - ADDED ENTRY ELEMENTS (KOHA)
Koha item type Books
Holdings
Withdrawn status Lost status Damaged status Not for loan Location (home branch) Sublocation or collection (holding branch) Date acquired Koha issues (times borrowed) Koha full call number Accession No. Koha date last seen Koha item type
        VIVEKANANDA LIBRARY VIVEKANANDA LIBRARY 27/02/2012   515.353 B469P 315771 17/09/2023 Books
        VIVEKANANDA LIBRARY VIVEKANANDA LIBRARY 27/02/2012 1 515.353 B469P 315772 23/02/2024 Books
        VIVEKANANDA LIBRARY VIVEKANANDA LIBRARY 27/02/2012   515.353 B469P 347075 17/09/2023 Books
© Designed and Maintained by Vivekananda Library, MDU Rohtak